00794nam a22002057a 450000500170000001000150001702000270003203500140005903700090007308200130008210000380009524501030013325000060023626000430024227000760028530000240036194200270038599900190041295201570043120251107164902.0 aENG-147036 c1380.00a9788199164277 aEN-130568 bDBAD a355.0217 aDe Silva, Sanath Chandana 985629 aNuclear Complexities in South Asia:bSri Lanka Under the Nuclear Shadow/cSanath Chandana De Silva a1 aNew DelhibKW Publishers Pvt Ltdc2026 bNew DelhiaKW Publishers Pvt Ltd;e110002k91 1143528107k91 1143528107 axv, 268p.c24cm(hb) 2ddccENh355.0217mSIL c213730d213730 001040708NFICaMbMd2025-11-07eDelivery of Books Act Divisiong1380.00l0o355.0217 SILpEN-130568r2025-11-07 00:00:00t1v1380.00w2025-11-07yEN